000 00651nam a22001937a 4500
008 160702b xxu||||| |||| 00| 0 eng d
020 _a0-07-287196-2
082 _22005
_aDC 428.6
_bC81o
100 _910796
_aCortina, Joe
245 _aOpening doors:
_bunderstanding college reading/
_cJoe Cortina and Janet Elder.
250 _a4th Edition
260 _aBoston:
_bMcGraw-Hill,
_cc2005.
300 _axxxiv, 741 pages:
_bcolor illustrations;
_c23 cm.
500 _aIncludes appendix, and index.
650 0 _910797
_aCollege readers
650 0 _910798
_aReading(Higher education)
700 _910799
_aElder, Janet
_eAuthor
942 _2ddc
_cDC
999 _c3228
_d3228